[Event "Ruhrgebiet Verbandsklasse Gruppe 2 1516"]
[Site "Germany"]
[Date "2015.12.20"]
[Round "5.4"]
[White "Schuermann, Jan"]
[Black "Sawatzki, Dietmar"]
[Result "1-0"]
[WhiteElo "1798"]
[BlackElo "1802"]
[PlyCount "45"]
[EventDate "2015.09.06"]
[EventType "team-tourn"]
[EventRounds "9"]
[EventCountry "GER"]
[SourceTitle "EXT 2022"]
[Source "ChessBase"]
[SourceDate "2021.10.06"]
[SourceVersion "1"]
[SourceVersionDate "2021.10.06"]
[SourceQuality "1"]
[WhiteTeam "Muelheim Nord IV"]
[BlackTeam "Ickern"]
[WhiteTeamCountry "GER"]
[BlackTeamCountry "GER"]

1. e4 e5 2. Nf3 Nf6 3. Nxe5 d6 4. Nf3 Nxe4 5. d4 d5 6. Bd3 Bg4 7. 0-0 f5 8. c4 Nd7 9. cxd5 Bd6 10. h3 Bh5 11. Nc3 0-0 12. Nb5 Ndf6 13. Qb3 Kh8 14. Ng5 Nxg5 15. Bxg5 f4 16. Rac1 h6 17. Bxf6 Rxf6 18. Nxd6 Rxd6 19. Qxb7 Rb8 20. Qxc7 Rxd5 21. Qxa7 Rxb2 22. Rc7 Qg5 23. Qa8+ 1-0